| 000 | 01002nam a22003017a 4500 | ||
|---|---|---|---|
| 003 | CHAP | ||
| 005 | 20220329135550.0 | ||
| 008 | 971013s1965 r 00010 d | ||
| 010 | _a38595 | ||
| 011 | _a39567 | ||
| 035 | _a43688 | ||
| 040 | _cCHAP | ||
| 082 |
_a581.98613 _bE86 |
||
| 100 | 0 | 0 |
_aEspinal T., Luis Sigifredo. _937870 |
| 245 | _aNotas sobre la vegetación del Departamento de Boyocá | ||
| 260 |
_aBogotá : _bInstituto Geográfico "Agustín Codazzi". Depto. Agrológico, _c1965 |
||
| 300 |
_a131 p. _b: ilus. mapa |
||
| 590 |
_aBATCH-UPD _b10 _c20130110 _lUCH01 _h0102 |
||
| 590 |
_aBATCH-UPD _b10 _c20130110 _lUCH01 _h2255 |
||
| 590 |
_aBATCH-UPD _b10 _c20130410 _lUCH01 _h1548 |
||
| 590 |
_aBATCH-UPD _b10 _c20130914 _lUCH01 _h0731 |
||
| 590 |
_aCONVERSION _b10 _c20130109 _lUCH01 _h1321 |
||
| 650 | 1 | 4 |
_aÁrboles _xColombia. _96580 |
| 650 | 1 | 4 |
_aBotánica _xColombia. _914521 |
| 901 | _aBK | ||
| 942 | _cLIBRO | ||
| 949 |
_a581.98613 E86 _bBC _cLIBRO _d33724000448056 _eLIBRO _h9733 _i43688 _mD _si |
||
| 999 |
_c38595 _d38595 |
||